Economic survey, India, 1995-96 (Record no. 508456)

000 -LEADER
fixed length control field 00502cam a22001457a 4500
008 - FIXED-LENGTH DATA ELEMENTS--GENERAL INFORMATION
fixed length control field 180718b xxu||||| |||| 00| 0 eng d
082 ## - DEWEY DECIMAL CLASSIFICATION NUMBER
Classification number T19 Ec74/1995-96/U
100 ## - MAIN ENTRY--PERSONAL NAME
Personal name India. Ministry of Finance
9 (RLIN) 3782
245 ## - TITLE STATEMENT
Title Economic survey, India, 1995-96
Statement of responsibility, etc by Ministry of Finance
260 ## - PUBLICATION, DISTRIBUTION, ETC. (IMPRINT)
Place of publication, distribution, etc New Delhi
Name of publisher, distributor, etc Government of India
300 ## - PHYSICAL DESCRIPTION
Extent 21p.
500 ## - GENERAL NOTE
General note Library has 1957/58-1967/68, 1971/72-2011/12, 2013/14, 2014/15, 2015-16, 2016-17, 2017-18
650 ## - SUBJECT ADDED ENTRY--TOPICAL TERM
Topical term or geographic name as entry element Economic surveys - India
9 (RLIN) 3783
942 ## - ADDED ENTRY ELEMENTS (KOHA)
Source of classification or shelving scheme
Holdings
Withdrawn status Lost status Source of classification or shelving scheme Damaged status Koha normalized classification for sorting Not for loan Permanent location Current location Date acquired Full call number Barcode Date last seen Price effective from Koha item type
        T_19_000000000000000_EC74_199596_U   Indian Institute of Public Administration Indian Institute of Public Administration 2019-03-26 T19 Ec74/1995-96/U GG33615 2019-03-26 2019-03-26 GG

Powered by Koha